[Event "Xtracon Chess Open 2017"]
[Site "Helsingor DEN"]
[Date "2017.07.30"]
[Round "10.50"]
[White "Wecker, Martin"]
[Black "Taylor, Adam C"]
[Result "1/2-1/2"]
[BlackTitle "FM"]
[WhiteElo "2095"]
[BlackElo "2265"]
[WhiteFideId "12931462"]
[BlackFideId "424668"]
[EventDate "2017.07.22"]

1. Nf3 Nf6 2. c4 g6 3. Nc3 Bg7 4. g3 c5 5. Bg2 Nc6 6. d4 cxd4 7. Nxd4 O-O 8. O-O
Nxd4 9. Qxd4 d6 10. Qd3 a6 11. Bd2 Rb8 12. Rac1 Bf5 13. e4 Bd7 14. b3 b5 15.
cxb5 axb5 16. Nd5 Nxd5 17. exd5 Bf6 18. Rc2 Qb6 19. Be3 Qa5 20. Bd2 Qb6 21. Be3
Qa5 22. Bd2 Qa6 23. Rfc1 Rfc8 24. Rxc8+ Rxc8 25. Rxc8+ Qxc8 26. Be4 Kg7 27. Qc2
Qa8 28. Bc3 Qa7 29. Bxf6+ exf6 30. Kg2 Qd4 31. Qd3 Qe5 32. f4 Qa1 33. Qb1 Qc3
34. Qd3 Qe1 35. h3 b4 36. g4 Qc1 37. f5 Qa1 38. Qd2 Bb5 39. Qxb4 Qf1+ 40. Kg3
Qg1+ 41. Bg2 Qe3+ 42. Kh2 Qe5+ 43. Kg1 Qa1+ 44. Kh2 Qe5+ 45. Kg1 Bd3 46. fxg6
hxg6 47. Qd2 Qa1+ 48. Kh2 Qe5+ 49. Kg1 Qa1+ 50. Kh2 Qe5+ 51. Kg1 1/2-1/2

[Event "Xtracon Chess Open 2017"]
[Site "Helsingor DEN"]
[Date "2017.07.30"]
[Round "10.51"]
[White "Roe, Simon J"]
[Black "Rishovd, Svein"]
[Result "1/2-1/2"]
[WhiteElo "2253"]
[BlackElo "2092"]
[WhiteFideId "401471"]
[BlackFideId "1513060"]
[EventDate "2017.07.22"]

1. Nf3 d5 2. b3 Nf6 3. Bb2 e6 4. g3 Be7 5. Bg2 O-O 6. c4 b6 7. Nc3 Bb7 8. cxd5
Nxd5 9. Nxd5 Bxd5 10. O-O c5 11. Re1 f5 12. d3 Bf6 13. Qd2 Bxb2 14. Qxb2 Nd7 15.
e4 Bb7 16. exf5 exf5 17. d4 cxd4 18. Qxd4 Nc5 19. Rad1 Qxd4 20. Nxd4 Bxg2 21.
Kxg2 g6 22. Nc6 Rf6 23. Ne7+ Kf8 24. Nd5 Rd6 25. Nc7 Rxd1 26. Rxd1 Rc8 27. Nb5
a6 28. Nd4 Kf7 29. Rc1 Rd8 30. Nf3 Kf6 31. b4 Ne4 32. Rc7 Rd3 33. Rb7 b5 34.
Rb6+ Rd6 35. Rb7 h6 36. Rc7 g5 37. Rc2 Rd1 38. h3 Rd6 39. Kf1 Ke6 40. Ke2 Kd5
41. Rc8 Re6 42. Kf1 g4 43. hxg4 fxg4 44. Nh2 h5 45. Kg2 Rf6 46. Rc2 Kd4 47. Nf1
Rf3 48. Rb2 Kc4 49. Re2 Nc3 50. Rb2 Na4 51. Rb1 Ra3 52. Ne3+ Kc3 53. Nd5+ Kd4
54. Rd1+ Ke5 55. Nf4 Rxa2 56. Rd5+ Ke4 57. Rxh5 Nc3 58. Rh8 Nd1 59. Re8+ Kf5 60.
Nd3 Rd2 61. Rf8+ Kg5 62. Nc5 Ra2 63. Rf4 Ne3+ 64. Kg1 Ra1+ 65. Kh2 Nf1+ 66. Kg2
Nd2 67. Ne6+ Kh5 68. Nd4 Rb1 69. Rf5+ Kg6 70. Rf4 Rxb4 71. Rxg4+ Kf6 72. Rf4+
Kg6 73. Rg4+ Kf7 74. Rf4+ Ke8 75. Rh4 a5 76. Rh8+ Kf7 77. Nc6 Ra4 78. Rh5 b4 79.
Nxa5 b3 80. Rb5 Rxa5 81. Rxa5 b2 82. Rb5 b1=Q 83. Rxb1 Nxb1 84. f4 Nd2 1/2-1/2

[Event "Xtracon Chess Open 2017"]
[Site "Helsingor DEN"]
[Date "2017.07.30"]
[Round "10.52"]
[White "Nielsen, Andre"]
[Black "Christensen, Thomas2"]
[Result "1/2-1/2"]
[WhiteElo "2094"]
[BlackElo "2229"]
[WhiteFideId "1518240"]
[BlackFideId "1407635"]
[EventDate "2017.07.22"]

1. e4 Nc6 2. d4 e5 3. dxe5 Nxe5 4. Nc3 Bc5 5. f4 Ng6 6. Nf3 d6 7. Bc4 Nh4 8.
Nxh4 Qxh4+ 9. g3 Qh3 10. Bf1 Qe6 11. Qe2 Nf6 12. Bd2 Bd7 13. O-O-O O-O-O 14. Bg2
Bc6 15. h4 Kb8 16. Rhe1 Qg4 17. Qxg4 Nxg4 18. Re2 Rhe8 19. Bf3 h5 20. Bxg4 hxg4
21. Be3 Bb4 22. Bd4 f6 23. Rde1 Re6 24. a3 Bxc3 25. Bxc3 Rde8 26. e5 dxe5 27.
fxe5 Kc8 28. Re3 f5 29. Rf1 Bf3 30. Kd2 Rf8 31. Ke1 Kd7 32. Kf2 g5 33. hxg5 Be4
34. Re2 Rg8 35. Rd2+ Kc6 36. Ke3 Rxg5 37. Rh2 Rgg6 38. Rff2 Rh6 39. Rxh6 Rxh6
40. Kf4 Kd5 41. Rd2+ Ke6 42. Bd4 b6 43. a4 Rh1 44. c3 Rf1+ 45. Rf2 Rxf2+ 46.
Bxf2 a5 47. b4 Bc2 48. bxa5 bxa5 49. c4 Bxa4 50. Be1 Bb3 1/2-1/2

[Event "Xtracon Chess Open 2017"]
[Site "Helsingor DEN"]
[Date "2017.07.30"]
[Round "10.53"]
[White "Molvig, Henrik"]
[Black "Heimisson, Hilmir Freyr"]
[Result "0-1"]
[WhiteTitle "CM"]
[WhiteElo "2090"]
[BlackElo "2215"]
[WhiteFideId "1402625"]
[BlackFideId "2309998"]
[EventDate "2017.07.22"]

1. d4 Nf6 2. c4 e6 3. Nf3 d5 4. Nc3 Bb4 5. e3 c5 6. a3 Ba5 7. Bd3 O-O 8. O-O
dxc4 9. Bxc4 Nc6 10. Qd3 Qe7 11. Ne4 Bc7 12. dxc5 Rd8 13. Nxf6+ Qxf6 14. Qc2 e5
15. b4 Bg4 16. Nd2 Rd7 17. f3 Bf5 18. e4 Bg6 19. Nb3 Rad8 20. Be3 a5 21. bxa5
Nd4 22. Qb2 h5 23. Kh1 h4 24. Qf2 h3 25. g3 Qxf3+ 26. Qxf3 Nxf3 27. Rxf3 Bxe4
28. Be2 Bxf3+ 29. Bxf3 Rd3 30. Bxb7 Rxb3 31. a6 Rxe3 32. Kg1 Rb3 33. c6 Bb6+ 34.
Kf1 Rb2 35. a7 Bxa7 36. c7 Rf8 37. c8=Q Rxc8 38. Bxc8 Rxh2 39. Rd1 Rh1+ 40. Ke2
Rxd1 41. Kxd1 h2 42. Bb7 f5 43. Bg2 Kf7 44. Ke2 Kf6 45. Kf1 Kg5 46. Bc6 Kg4 47.
Kg2 h1=Q+ 48. Kxh1 Kxg3 0-1

[Event "Xtracon Chess Open 2017"]
[Site "Helsingor DEN"]
[Date "2017.07.30"]
[Round "10.54"]
[White "Verhasselt, Karsten"]
[Black "Merkesvik, Sondre"]
[Result "1/2-1/2"]
[BlackTitle "FM"]
[WhiteElo "2079"]
[BlackElo "2211"]
[WhiteFideId "228893"]
[BlackFideId "1514350"]
[EventDate "2017.07.22"]

1. e4 Nf6 2. Nc3 d5 3. exd5 Nxd5 4. Bc4 c6 5. Qf3 Nf6 6. h3 g6 7. Nge2 Bg7 8.
O-O O-O 9. d3 Nbd7 10. Bf4 Qa5 11. Bb3 Nc5 12. Rfe1 Be6 13. Qe3 Rfe8 14. Bh6 Bh8
15. Nd4 Nd5 16. Nxd5 Bxd5 17. c3 Nxb3 18. Nxb3 Qc7 19. Re2 Bxb3 20. axb3 c5 21.
Bg5 b6 22. Qf3 Rad8 23. Rae1 Rd7 24. h4 f6 25. Bh6 e5 26. Qe4 Qd6 27. Re3 Red8
28. f4 Qd5 29. fxe5 Qxe4 30. dxe4 fxe5 31. Bg5 Rf8 32. Rf3 Rxf3 33. gxf3 Kf7 34.
Kf2 Bf6 35. Ke3 Bg7 36. Ke2 Bf6 37. Rf1 Ke6 38. Ke3 h6 39. Bxf6 Kxf6 40. f4
exf4+ 41. Rxf4+ Ke6 42. Rf8 Rd1 43. Re8+ Kf6 44. Rf8+ Ke6 45. Re8+ Kf6 46. Rf8+
Ke6 47. Re8+ Kf6 48. Rf8+ Ke6 1/2-1/2

[Event "Xtracon Chess Open 2017"]
[Site "Helsingor DEN"]
[Date "2017.07.30"]
[Round "10.55"]
[White "Andersson, Kaj"]
[Black "Laustsen, Lars"]
[Result "1/2-1/2"]
[WhiteElo "2063"]
[BlackElo "2204"]
[WhiteFideId "1709860"]
[BlackFideId "1407554"]
[EventDate "2017.07.22"]

1. e4 c5 2. Nf3 d6 3. d4 cxd4 4. Nxd4 Nf6 5. Nc3 a6 6. Bg5 e6 7. f4 Nbd7 8. Qf3
Qc7 9. O-O-O b5 10. a3 Bb7 11. g4 Be7 12. Bxf6 Bxf6 13. g5 Be7 14. Bh3 Nc5 15.
f5 Bxg5+ 16. Kb1 e5 17. Ne6 Nxe6 18. fxe6 O-O 19. exf7+ Qxf7 20. Qxf7+ Kxf7 21.
Rxd6 Rfd8 22. Rhd1 Be7 23. Be6+ Ke8 24. Bd7+ Kf8 25. Rf1+ Bf6 26. Nd5 Bxd5 27.
Rxd5 Ke7 28. Bc6 Rxd5 29. Bxd5 Ra7 30. c3 Kd6 31. Kc2 h5 32. Kd3 h4 33. h3 Rd7
34. a4 Kc7 35. Ra1 g5 36. Ke2 Kb6 37. Kf3 b4 38. cxb4 Rc7 39. Rg1 Be7 40. Rg2
Rc1 41. Be6 Rf1+ 42. Rf2 Rd1 43. Re2 Bxb4 44. Rc2 Rd3+ 45. Kg4 Rg3+ 46. Kh5 Bc5
47. Bd7 a5 48. Kg6 Be3 49. Kf7 Bd4 50. Kf6 Kb7 51. Ke7 Rb3 52. Kf6 Rg3 53. Ke7
Kb6 54. Kd6 Rd3 55. Rc6+ Kb7 56. Rc7+ Kb6 57. Rc6+ Kb7 1/2-1/2

[Event "Xtracon Chess Open 2017"]
[Site "Helsingor DEN"]
[Date "2017.07.30"]
[Round "10.56"]
[White "Schmidt, Kristen"]
[Black "Holinka, Henning"]
[Result "1-0"]
[WhiteElo "2201"]
[BlackElo "2087"]
[WhiteFideId "1400436"]
[BlackFideId "12967084"]
[EventDate "2017.07.22"]

1. e4 g6 2. d4 Bg7 3. Nc3 d6 4. f4 a6 5. Nf3 b5 6. Bd3 Nd7 7. e5 c5 8. Be3 Bb7
9. Be4 Bxe4 10. Nxe4 Nh6 11. dxc5 dxe5 12. c6 Nf6 13. Nxf6+ exf6 14. Qxd8+ Rxd8
15. c7 Rc8 16. Bb6 Kd7 17. O-O-O+ Kc6 18. Ba5 Ng4 19. Rd8 Ne3 20. b3 Bh6 21. g3
exf4 22. Kb1 Re8 23. Re1 fxg3 24. hxg3 Kb7 25. Re2 Re7 26. Red2 Rcxc7 27. Bxc7
Kxc7 28. Ra8 Kb7 29. Rdd8 Nd5 30. Rdb8+ Kc7 31. Rc8+ Kb7 32. Rab8+ Ka7 33. c4
Nb6 34. Nd4 Re1+ 35. Kc2 Nxc8 36. Nc6# 1-0

[Event "Xtracon Chess Open 2017"]
[Site "Helsingor DEN"]
[Date "2017.07.30"]
[Round "10.57"]
[White "Nielsen, Jorgen Lovgren"]
[Black "Leutwyler, Martin"]
[Result "1/2-1/2"]
[WhiteElo "2063"]
[BlackElo "2198"]
[WhiteFideId "1403850"]
[BlackFideId "1301969"]
[EventDate "2017.07.22"]

1. e4 c6 2. d4 d5 3. Nc3 dxe4 4. Nxe4 Bf5 5. Ng3 Bg6 6. h4 h6 7. Nf3 Nd7 8. h5
Bh7 9. Bd3 Bxd3 10. Qxd3 e6 11. Bd2 Ngf6 12. O-O-O Be7 13. Qe2 c5 14. dxc5 Qc7
15. Bc3 O-O 16. Ne5 Nxc5 17. Kb1 Na4 18. Bd4 Rfd8 19. Qb5 Nc5 20. Rhe1 a6 21.
Qe2 Rac8 22. Ng4 Qf4 23. Nxf6+ Bxf6 24. Bxc5 Rxd1+ 25. Rxd1 Rxc5 26. Ne4 Rb5 27.
Nxf6+ Qxf6 28. b3 Rf5 29. Rd2 Qg5 30. g4 Rd5 1/2-1/2

[Event "Xtracon Chess Open 2017"]
[Site "Helsingor DEN"]
[Date "2017.07.30"]
[Round "10.58"]
[White "Andersen, Morten"]
[Black "Vesterli, Michael E."]
[Result "1-0"]
[WhiteElo "2193"]
[BlackElo "2073"]
[WhiteFideId "1504908"]
[BlackFideId "1417339"]
[EventDate "2017.07.22"]

1. e4 c5 2. c4 g6 3. Nc3 Bg7 4. Nge2 Nc6 5. g3 e6 6. Bg2 Nge7 7. d3 a6 8. Be3 d6
9. Qd2 Nd4 10. Rb1 Nec6 11. Bg5 Qa5 12. Bh6 Ne5 13. Kf1 Bxh6 14. Qxh6 Bd7 15.
Qe3 Nxe2 16. Kxe2 b5 17. f4 Nc6 18. e5 Nd4+ 19. Kf2 Nf5 20. Qe2 Rd8 21. exd6 f6
22. Rhe1 Kf7 23. Ne4 Qb6 24. b4 cxb4+ 25. c5 Qa7 26. Qb2 1-0

[Event "Xtracon Chess Open 2017"]
[Site "Helsingor DEN"]
[Date "2017.07.30"]
[Round "10.59"]
[White "Smeby, Ole"]
[Black "Moe, Mogens"]
[Result "0-1"]
[BlackTitle "FM"]
[WhiteElo "1938"]
[BlackElo "2188"]
[WhiteFideId "1503677"]
[BlackFideId "1400550"]
[EventDate "2017.07.22"]

1. d4 Nf6 2. c4 g6 3. Nc3 d5 4. e3 Bg7 5. Nf3 O-O 6. Bd3 c5 7. O-O cxd4 8. exd4
Nc6 9. h3 dxc4 10. Bxc4 Na5 11. Bd3 Be6 12. b3 Nd5 13. Bb2 Nf4 14. Be4 Nc6 15.
Qd2 Qd6 16. Nb5 Qb8 17. Rad1 a6 18. Na3 Rd8 19. Nc4 Bxc4 20. bxc4 Nxd4 21. Nxd4
Bxd4 22. Qc2 Ne6 23. Bd5 Bxb2 24. Qxb2 Nc5 25. Qb6 Rc8 26. Bf3 Qc7 27. Qb4 Rab8
28. Rd2 b6 29. Re1 Rd8 30. Red1 Rxd2 31. Qxd2 Ne6 32. Qb4 Rd8 33. Rb1 Rd6 34. h4
h5 35. g3 Qc5 36. Qa4 a5 37. Rb5 Qc8 38. Rb2 Nc5 39. Qc2 Nd3 40. Rb1 Qc5 41. Kg2
Ne5 42. Be2 Rc6 43. Rb5 Qxb5 0-1

[Event "Xtracon Chess Open 2017"]
[Site "Helsingor DEN"]
[Date "2017.07.30"]
[Round "10.61"]
[White "Petersen, Peter Birk"]
[Black "Gula, Julian"]
[Result "1-0"]
[WhiteElo "2179"]
[BlackElo "1869"]
[WhiteFideId "1401696"]
[BlackFideId "12954799"]
[EventDate "2017.07.22"]

1. e4 e5 2. Nf3 Nc6 3. Bb5 a6 4. Ba4 Nge7 5. d4 exd4 6. O-O g6 7. Nxd4 Bg7 8.
Nxc6 Nxc6 9. c3 O-O 10. Be3 b5 11. Bc2 Rb8 12. Bc1 Bb7 13. Nd2 b4 14. cxb4 Nxb4
15. Bb3 Nd3 16. Qc2 Nxc1 17. Raxc1 Bc6 18. Rfd1 Qf6 19. Nc4 Rfe8 20. f3 Qg5 21.
Rb1 h5 22. Qd2 Qc5+ 23. Kh1 Rbd8 24. Rbc1 Ba8 25. Rc2 Qe7 26. Ne3 Bh6 27. Rxc7
Bxe4 28. Rxd7 Rxd7 29. Qxd7 Bxf3 30. gxf3 Bxe3 31. Rd6 Bc1 32. Rxg6+ Kh7 33.
Qxe7 Rxe7 34. Rxa6 Bxb2 35. Kg2 f6 36. f4 Bd4 37. Re6 Rxe6 38. Bxe6 Kg6 39. Kf3
Bg1 40. h3 Bc5 41. Ke4 Ba3 42. Bd7 Bb4 43. Be8+ Kh6 44. a4 Ba5 45. Kf5 Bc3 46.
Bf7 Bd2 47. h4 Be3 48. Be8 Bd2 49. Ke4 Bb4 50. Kd5 Bd2 51. f5 Be1 52. Ke6 Bxh4
53. a5 Kg5 54. a6 Bf2 55. Bxh5 Kxh5 56. Kxf6 Kh6 57. Kf7 Kh7 58. f6 Bc5 59. Ke8
Kg6 60. f7 Kg7 1-0

[Event "Xtracon Chess Open 2017"]
[Site "Helsingor DEN"]
[Date "2017.07.30"]
[Round "10.62"]
[White "Hartung-Nielsen, Jens"]
[Black "Andersen, Dag"]
[Result "1-0"]
[WhiteElo "2175"]
[BlackElo "1855"]
[WhiteFideId "1400690"]
[BlackFideId "1504568"]
[EventDate "2017.07.22"]

1. d4 Nf6 2. Nf3 d5 3. e3 c6 4. c4 e6 5. b3 Nbd7 6. Bb2 Bd6 7. Bd3 O-O 8. O-O
Re8 9. Ne5 Nf8 10. Nd2 N6d7 11. e4 f6 12. Nef3 Kh8 13. Re1 Bf4 14. Qe2 dxc4 15.
Nxc4 b5 16. Ncd2 a6 17. b4 Bxd2 18. Nxd2 e5 19. Nb3 exd4 20. Bxd4 Ne5 21. Rad1
Nxd3 22. Rxd3 Ne6 23. Be3 Qe7 24. Qd2 Rd8 25. Rxd8+ Nxd8 26. Bc5 Qe8 27. e5 f5
28. Rd1 Be6 29. Nd4 Nf7 30. Nxe6 Qxe6 31. f4 h6 32. Qd7 Re8 33. Qxe6 Rxe6 34.
Rd7 Kg8 35. Rc7 g5 36. g3 h5 37. Be7 h4 38. Kf2 hxg3+ 39. hxg3 gxf4 40. gxf4 Nh6
41. Bd6 Ng4+ 42. Kf3 Rh6 43. Rxc6 Rh3+ 44. Ke2 Rh2+ 45. Kd3 Rxa2 46. e6 Ra1 47.
Rc8+ 1-0

[Event "Xtracon Chess Open 2017"]
[Site "Helsingor DEN"]
[Date "2017.07.30"]
[Round "10.63"]
[White "Grundekjon, Christian"]
[Black "Petersen, Tom Petri"]
[Result "1-0"]
[BlackTitle "FM"]
[WhiteElo "2035"]
[BlackElo "2338"]
[WhiteFideId "1512625"]
[BlackFideId "1403486"]
[EventDate "2017.07.22"]

1. b3 g6 2. Bb2 Nf6 3. Bxf6 exf6 4. c4 Bg7 5. Nc3 O-O 6. g3 d6 7. Bg2 c6 8. e3
Re8 9. Nge2 Bg4 10. h3 Bxe2 11. Qxe2 f5 12. O-O Nd7 13. Rfe1 h5 14. b4 Nf6 15.
Rab1 Qd7 16. b5 Ne4 17. bxc6 bxc6 18. Nxe4 fxe4 19. a3 d5 20. d4 Rab8 21. c5 Rb7
22. Bf1 h4 23. Rxb7 Qxb7 24. gxh4 Bf6 25. h5 Bh4 26. hxg6 Re6 27. gxf7+ Qxf7 28.
Bg2 Rg6 29. Rb1 Qf3 30. Qf1 Qxh3 31. Rb8+ Kg7 32. Rb7+ Kh6 33. Rxa7 Qg4 34. Rf7
Qe6 35. Rf8 Kg7 36. Rb8 Rf6 37. Rb7+ Kh6 38. Rb2 Qg4 39. a4 Rf7 40. a5 Bd8 41.
a6 Bc7 42. a7 Qh5 43. Qe2 Qh2+ 44. Kf1 Rf8 45. Ra2 Rg8 46. a8=Q Qxg2+ 47. Ke1
Qh1+ 48. Qf1 Qf3 49. Qxg8 Ba5+ 50. Rxa5 Qe2+ 51. Kxe2 1-0

[Event "Xtracon Chess Open 2017"]
[Site "Helsingor DEN"]
[Date "2017.07.30"]
[Round "10.64"]
[White "Bjorneboe, Kristian"]
[Black "Pantzar, Milton"]
[Result "0-1"]
[BlackTitle "FM"]
[WhiteElo "2023"]
[BlackElo "2313"]
[WhiteFideId "1424718"]
[BlackFideId "1721003"]
[EventDate "2017.07.22"]

1. Nf3 d5 2. c4 d4 3. d3 Nc6 4. g3 e5 5. Bg2 h6 6. O-O Nf6 7. b3 Be7 8. Ba3 O-O
9. Bxe7 Qxe7 10. Nbd2 Re8 11. Ne1 Nd8 12. Nc2 Bf5 13. b4 c6 14. a4 a5 15. b5 c5
16. Nb3 Qc7 17. Qd2 e4 18. Rad1 b6 19. Nc1 Ne6 20. Ne1 Rad8 21. Qb2 Ng5 22. f4
Nh3+ 23. Kh1 e3 24. Bc6 Ng4 25. Bxe8 Ngf2+ 26. Kg2 Rxe8 27. Nf3 Re6 28. Nb3
Nxf4+ 29. Kg1 Rg6 30. Rc1 Nxe2+ 31. Kg2 Qxg3+ 32. hxg3 Rxg3+ 33. Kh2 Rh3+ 34.
Kg2 Nf4+ 35. Kg1 Rh1# 0-1

[Event "Xtracon Chess Open 2017"]
[Site "Helsingor DEN"]
[Date "2017.07.30"]
[Round "10.65"]
[White "Marthedal, Anton Mehmet Yildiz"]
[Black "Dahl, Trygve"]
[Result "0-1"]
[WhiteElo "1993"]
[BlackElo "2292"]
[WhiteFideId "1441540"]
[BlackFideId "1513427"]
[EventDate "2017.07.22"]

1. d4 Nf6 2. Nf3 g6 3. Bf4 Bg7 4. e3 O-O 5. Nbd2 c5 6. c3 Nc6 7. h3 b6 8. Bd3
Bb7 9. Qe2 d6 10. O-O Re8 11. Bh2 cxd4 12. exd4 e5 13. dxe5 dxe5 14. Ne4 Nh5 15.
Ba6 Bxa6 16. Qxa6 Qd5 17. Rfe1 Rad8 18. Qa4 b5 19. Qb3 f5 20. Ng3 Nf4 21. Qxd5+
Rxd5 22. Nxf5 Nxh3+ 23. gxh3 gxf5 24. a4 b4 25. Nh4 bxc3 26. bxc3 Rf8 27. Red1
Rc5 28. Rd7 Rxc3 29. Rad1 Nd4 30. Rxg7+ Kxg7 31. Bxe5+ Kh6 32. Bxd4 Rxh3 33. Ng2
f4 34. Nxf4 Rxf4 35. Kg2 Rfh4 36. Be3+ Kg6 37. Rd7 Rh2+ 38. Kg1 Rh1+ 39. Kg2 Ra1
40. Rxa7 Raxa4 41. Rb7 Rhb4 42. Rc7 Ra6 43. Rc5 Rb7 44. Rg5+ Kf7 45. Rh5 Kg7 46.
Bd4+ Kg6 47. Rh3 Rb5 48. Rc3 Rg5+ 49. Kh2 Ra4 50. Rc6+ Kf7 51. Rf6+ Ke7 52. Rf4
Ke6 53. Be3 Rxf4 54. Bxf4 Rg6 55. Bg3 h5 56. Kh3 Kf5 57. Bh4 Rg4 58. Bg3 Ra4 59.
Bd6 Ke4 60. Bc5 Kf3 61. Be3 Ra1 62. Kh2 Re1 63. Ba7 Re4 64. Kh3 Ke2 65. Be3 Kf1
66. Ba7 Ra4 67. Bb6 Kg1 68. Be3 Kh1 69. Bg5 Rg4 70. Bh4 Kg1 71. Bg3 Kf1 72. Bh4
Ke2 73. Bg3 Kf3 74. Bh4 Rg1 75. Kh2 Rg2+ 76. Kh3 Rg4 77. Bg3 Rc4 78. Bh4 Ra4 79.
Bg3 h4 80. Bd6 Kxf2 81. Be7 Kf3 82. Bd8 Ra8 83. Bf6 Rf8 84. Be7 Rh8 85. Bf6 Rh7
86. Bd8 Kf4 87. Bf6 Kf5 88. Bd8 Rh8 89. Be7 Rh5 90. Bd8 Rh7 91. Bb6 Rh8 92. Bg1
Kf4 93. Bh2+ Kg5 94. Bg1 Re8 95. Bf2 Re4 96. Bg1 Kh5 97. Bf2 Rb4 98. Bg1 Rb3+
99. Kh2 Kg4 100. Kh1 Rb2 101. Bh2 Kf3 102. Be5 Ra2 103. Bd4 Ke2 104. Bg1 h3 105.
Bb6 Kf3 106. Bc7 Kg4 107. Bh2 Ra1+ 108. Bg1 Kf3 109. Kh2 Ra2+ 110. Kh1 Kg3 111.
Bd4 h2 112. Bb2 Kh3 113. Bc3 Rg2 114. Bd4 Ra2 0-1

[Event "Xtracon Chess Open 2017"]
[Site "Helsingor DEN"]
[Date "2017.07.30"]
[Round "10.66"]
[White "Hakansson, Stefan"]
[Black "Jacobsen, Mikkel Manosri"]
[Result "0-1"]
[BlackTitle "FM"]
[WhiteElo "1976"]
[BlackElo "2247"]
[WhiteFideId "1708198"]
[BlackFideId "1444514"]
[EventDate "2017.07.22"]

1. d4 Nf6 2. Nc3 d5 3. Bf4 a6 4. e3 c5 5. dxc5 Qa5 6. a3 Qxc5 7. Qd4 e6 8. Nf3
Nh5 9. Qxc5 Bxc5 10. Na4 Ba7 11. Bc7 Nd7 12. Be2 Nhf6 13. Nc3 Ke7 14. Ne5 Ne8
15. Nxd7 Nxc7 16. Ne5 f6 17. Nd3 Bd7 18. Bf3 Rac8 19. Ne2 e5 20. e4 f5 21. Nxe5
dxe4 22. Bh5 Be6 23. f4 Nd5 24. O-O-O Ne3 25. Nd4 Nxd1 26. Nxe6 Nf2 27. Nxg7 Kf6
28. Ne8+ Rhxe8 0-1

[Event "Xtracon Chess Open 2017"]
[Site "Helsingor DEN"]
[Date "2017.07.30"]
[Round "10.67"]
[White "Quinones-Maletti, Julio Guillerm"]
[Black "Christiansen, Arne"]
[Result "1-0"]
[WhiteElo "2200"]
[BlackElo "2040"]
[WhiteFideId "1462318"]
[BlackFideId "1402013"]
[EventDate "2017.07.22"]

1. e4 e5 2. Nf3 Nc6 3. Bb5 a6 4. Ba4 Nf6 5. Qe2 b5 6. Bb3 Be7 7. c3 O-O 8. d3 d6
9. Nbd2 Be6 10. O-O Qd7 11. Rd1 Na5 12. Bc2 c5 13. d4 cxd4 14. cxd4 Qc7 15. Bd3
Rac8 16. d5 Bd7 17. Nf1 h6 18. Ng3 Rfe8 19. Kh1 Nc4 20. Nh4 Kh7 21. b3 Nb6 22.
f4 Bg4 23. Nf3 Nbd7 24. h3 Bxf3 25. Qxf3 Ng8 26. Ne2 Bf6 27. g4 Nc5 28. Bb1 g6
29. g5 hxg5 30. fxg5 Bd8 31. b4 Na4 32. Bd2 Kg7 33. Bd3 Qb7 34. Rab1 Bb6 35. h4
Rf8 36. Rf1 Bd8 37. h5 Be7 38. Rf2 Nb6 39. Rbf1 Qd7 40. Qg3 Nc4 41. h6+ Kh8 42.
Bxc4 Rxc4 43. h7 1-0

[Event "Xtracon Chess Open 2017"]
[Site "Helsingor DEN"]
[Date "2017.07.30"]
[Round "10.68"]
[White "Jorgensen, Dennis"]
[Black "De Coninck, Erik"]
[Result "1/2-1/2"]
[WhiteElo "2197"]
[BlackElo "2032"]
[WhiteFideId "1408380"]
[BlackFideId "233234"]
[EventDate "2017.07.22"]

1. Nf3 e6 2. g3 f5 3. Bg2 Nf6 4. d3 Be7 5. c4 O-O 6. O-O d6 7. Nc3 Qe8 8. e4
fxe4 9. dxe4 e5 10. Nh4 Nc6 11. h3 Kh8 12. Nf5 Bd8 13. g4 Qf7 14. b3 Ng8 15. Be3
g6 16. Nh6 Nxh6 17. Bxh6 Rg8 18. Be3 g5 19. Ne2 Ne7 20. Ng3 Ng6 21. Nf5 Rf8 22.
c5 dxc5 23. Bxc5 Re8 24. Qc2 Nf4 25. Rfe1 Nxg2 26. Kxg2 Bd7 27. Rad1 Bc6 28. Re3
Bf6 29. f3 a6 30. Red3 Rad8 31. Bf2 Qf8 32. Bc5 Qf7 33. Qc3 Qe6 34. Bf2 Rxd3 35.
Rxd3 Bb5 36. Rd5 Bc6 37. Rd2 Rd8 38. Bg3 Rxd2+ 39. Qxd2 Kg8 40. h4 gxh4 41. Bxh4
Bxh4 42. Nxh4 Bxe4 43. Qd8+ Kg7 44. Qxc7+ Kh6 45. Kg3 Bg6 46. Qxb7 Qd6 47. Nxg6
hxg6 48. Qe4 Qd1 49. Qxe5 Qg1+ 50. Kf4 Qh2+ 51. Ke4 Qe2+ 52. Kd4 Qb2+ 53. Kd5
Qxa2 54. Qe3+ Kh7 55. f4 Qg2+ 56. Kc5 Qxg4 57. Kb6 Qc8 58. Qe7+ Kh6 59. Qg5+ Kh7
60. Qe7+ 1/2-1/2

[Event "Xtracon Chess Open 2017"]
[Site "Helsingor DEN"]
[Date "2017.07.30"]
[Round "10.69"]
[White "Thuesen, Mogens"]
[Black "Slettebo, Jan"]
[Result "1-0"]
[WhiteElo "2170"]
[BlackElo "2021"]
[WhiteFideId "1400878"]
[BlackFideId "1704958"]
[EventDate "2017.07.22"]

1. d4 d5 2. Bg5 h6 3. Bh4 c5 4. dxc5 g5 5. Bg3 Bg7 6. c3 Nc6 7. Nd2 f5 8. e3 e5
9. f4 Qe7 10. fxe5 Qxc5 11. Qh5+ Kf8 12. O-O-O Be6 13. Kb1 Nge7 14. Qf3 Kg8 15.
Nb3 Qb6 16. Nd4 Nxe5 17. Bxe5 Bxe5 18. Bd3 Rf8 19. Nxe6 Qxe6 20. Ne2 1-0

[Event "Xtracon Chess Open 2017"]
[Site "Helsingor DEN"]
[Date "2017.07.30"]
[Round "10.70"]
[White "Kardoeus, David"]
[Black "Frisk, Hans"]
[Result "1-0"]
[WhiteElo "2165"]
[BlackElo "1997"]
[WhiteFideId "12912050"]
[BlackFideId "1708570"]
[EventDate "2017.07.22"]

1. e4 e5 2. Nf3 Nf6 3. d4 Nxe4 4. Bd3 d5 5. Nxe5 Nd7 6. Nxd7 Bxd7 7. Qe2 Qe7 8.
O-O Nf6 9. Qd2 Be6 10. Nc3 g6 11. f4 h5 12. f5 gxf5 13. Bxf5 Bh6 14. Qxh6 Rxh6
15. Bxh6 Ng4 16. Bxg4 hxg4 17. Bg7 Kd7 18. a3 Rg8 19. Bf6 Qf8 20. g3 Qh6 21.
Rae1 Rg6 22. Be5 a6 23. Rf2 Qh7 24. Re3 Rh6 25. Na4 Bf5 26. Nc5+ Kc8 27. Bf6 Be4
28. b3 Rxf6 29. Rxf6 Qg7 30. Nxe4 dxe4 31. Rf2 Qxd4 32. Rfe2 f5 33. Kg2 b5 34.
h3 gxh3+ 35. Kxh3 Qh8+ 36. Kg2 Qd4 37. Re1 Qd2+ 38. R3e2 Qg5 39. Rf1 Kd7 40. Rf4
c5 41. Ref2 c4 42. bxc4 bxc4 43. Rxf5 Qe3 44. g4 Qxa3 45. g5 e3 46. Re2 Qe7 47.
Kf3 Qe6 48. Kf4 Qd6+ 49. Re5 Qd4+ 50. Re4 Qd6+ 51. Kg4 a5 52. c3 Kc6 53. Rxc4+
Kb5 54. Re4 Qd7+ 55. Kg3 Qc7+ 56. Kf3 Qxc3 57. R2xe3 Qc6 58. Kg4 Qd7+ 59. Re6 a4
60. Kf4 a3 61. R6e5+ Ka4 62. R5e4+ Kb5 63. Rb3+ Kc5 64. Rxa3 Qc7+ 65. Re5+ Kd4
66. Ra4+ Kd3 67. Ra3+ Kd4 68. Re3 Qf7+ 69. Kg4 Qd7+ 70. Re6 Kc5 71. g6 Qd1+ 72.
Kg5 Qd8+ 73. Re7 Kd4 74. Re4+ Kd5 75. g7 Qb8 76. R4e5+ Kd6 77. Re8 1-0

[Event "Xtracon Chess Open 2017"]
[Site "Helsingor DEN"]
[Date "2017.07.30"]
[Round "10.71"]
[White "Hjornevik, Knut J"]
[Black "Ezra, Paul Chambers"]
[Result "1-0"]
[BlackTitle "FM"]
[WhiteElo "1952"]
[BlackElo "2162"]
[WhiteFideId "1505157"]
[BlackFideId "20300204"]
[EventDate "2017.07.22"]

1. d4 Nf6 2. Nf3 c5 3. d5 b5 4. Bg5 Ne4 5. Bf4 Qa5+ 6. Nbd2 e6 7. c3 Nxd2 8.
Qxd2 f6 9. e4 e5 10. Be3 Bd6 11. c4 b4 12. Bd3 O-O 13. g4 Be7 14. Ke2 d6 15. h3
Qc7 16. Rag1 g6 17. h4 Bd7 18. Qc2 Qc8 19. Nh2 Na6 20. b3 Nc7 21. f4 exf4 22.
Bxf4 a5 23. Bh6 Rf7 24. e5 Bf8 25. Bxf8 Rxf8 26. e6 Bxe6 27. dxe6 Nxe6 28. Nf3
Re8 29. Kd1 a4 30. Bxg6 hxg6 31. Qxg6+ Ng7 32. Ng5 fxg5 33. hxg5 Ra7 34. Qh7+
Kf8 35. Qh8+ Kf7 36. Rf1+ Ke6 37. Re1+ Kf7 38. Rhf1+ Nf5 39. Rxf5+ 1-0